000 00403nam a22001697a 4500
003 MPLRDC
005 20220104124259.0
008 210129b ||||| |||| 00| 0 eng d
082 _a420 ZXW c.2
100 _a张小汶编
245 _a家庭小常识
_c
250 _a初版
260 _a
_b满庭芳出版社
_c1985
300 _b
650 _a家事;家政总论
942 _cBK
_o420 ZXW c.2
999 _c18078
_d18068